000 00571nam a2200229Ia 4500
005 20260320201954.0
008 008 262003s9999 xx 000 0 eng d
037 _aEBOOK
040 _aCRL
040 _beng
040 _cCRL
041 _2eng
041 _aeng
084 _qCRL
100 _aWeaver-Lambert
_91136454
245 4 _aThe AI Value Playbook: How to make AI work in the real world
260 _bIEEE
856 _uhttps://ieeexplore.ieee.org/servlet/opac?bknumber=10769333
942 _cEBOOK
999 _c1724584
_d1724584